000 00302nam a2200121Ia 4500
008 190216s9999||||xx |||||||||||||| ||und||
100 _aIsmail Wafa
245 0 _aArinhirikkaenda Niyamangal
260 _bPoomkavanam Books Publishers
_c1993
300 _a100p
650 _aIslamic History
942 _cBK
999 _c22350
_d22350